Posúdenie evakuácie zamestnancov z vybranej spoločnosti

Uložené v:
Podrobná bibliografia
Hlavný autor: Radoš, Pavol (Autor)
Ďalší autori: Martinka, Jozef (Vedúci práce)
Médium: Rukopis Kniha
Jazyk:Slovak
Vydavateľské údaje: 2019
Predmet:
On-line prístup:http://is.stuba.sk/zp/portal_zp.pl?podrobnosti=143540
Tagy: Pridať tag
Žiadne tagy, Buďte prvý, kto otaguje tento záznam!

MARC

LEADER 00000ntm a22000003a 4500
001 stuzp74179
003 SK-STU
005 20190608212930.1
007 ta
008 150427s2015----xo-----f-mn---000-0-slo-d
040 |a STU  |b slo 
041 0 |a slo 
100 1 |a Radoš, Pavol  |u 065000  |k Z4  |4 aut  |U MTF Materiálovotechnologická fakulta  |T MTF Ústav integrovanej bezpečnosti  |X 69882  |U M5000  |Y 85  |7 69882 
242 0 1 |a Assessment of employees evacuation from the selected company  |y eng 
245 1 0 |a Posúdenie evakuácie zamestnancov z vybranej spoločnosti 
260 |c 2019 
650 4 |a analýza súčasného stavu  |2 slo 
650 4 |a evakuačné scenáre  |2 slo 
650 4 |a evakuácia  |2 slo 
650 4 |a bezpečnosť a ochrana zdravia pri prácii  |2 slo 
650 4 |a analysis of the present state  |2 eng 
650 4 |a evacuation scenarios  |2 eng 
650 4 |a evacuation  |2 eng 
650 4 |a occupational health and safety  |2 eng 
700 1 |a Martinka, Jozef  |u 065300  |k Z1  |4 ths  |U MTF Ústav integrovanej bezpečnosti  |T MTF Katedra požiarneho inžinierstva  |X 45163  |U M5300  |Y 193  |7 A000045163 
856 4 |u http://is.stuba.sk/zp/portal_zp.pl?podrobnosti=143540 
996 |c M* DP-13935  |l MMSKP  |s P  |a 0  |w stuzp74179_0001